000 00833nam a2200217 i 4500
001 78652
003 ES-MaACL
005 20250905123709.0
007 t|
008 041015s1943 mx ||||1| spa d
100 1 _aHeckscher, Eli F.
_962285
245 1 3 _aLa época mercantilista
_b: historia de la organización y las ideas económicas desde el final de la Edad Media hasta la sociedad liberal /
_cEli F. Heckscher ; versión española de Wenceslao Roces.
250 _a[1ª ed. en español].
260 _aMéxico :
_bFondo de Cultura Económica,
_c[1943] (
_fGráfica Panamericana)
300 _a871 p. ;
_c24 cm.
490 1 _aSección de obras de economía
700 1 _aRoces, Wenceslao,
_d1897-1992
_998039
830 0 _aSección de obras de economía
_9179924
852 _aES-MaACL
_jD-6832
999 _c78652
_d78652